000 00748nam a22002057a 4500
999 _c15384
_d15384
003 AR-CdUCM
008 190426b ||||| |||| 00| 0 spa d
040 _aMUNICIPALIDAD PROVINCIAL DEL CUSCO
_cBIBLIOTECA MUNICIPAL DEL CUSCO
082 _aEP / 498.58 /
_bU42
245 _aCuaderno de afianzamiento de vocales,consonantes y silabas :
_bLengua Wampis /
260 _bBiblioteca nacional del Perú,
_c2007.
300 _a23 paginas ;
_bIlustraciones,
_c32 cm.
650 _aTexto infantil
_929090
650 _aEducativo
_927921
700 _aRicardo Navarro Rojas
_934439
710 _aProyecto promoción del desarrollo humano sostenible en rió Santiago
_934440
710 _aUNICEF
_99438
942 _2ddc
_cLIBROS
945 _arjall
_d2019-04-26